00279nam a2200121Ia 45000030006000000080041000060400015000471000018000622450028000802600020001085460012001280050017001400STCL150530s9999 xx 000 0 und d aSTCLcSTCL aMundkur, B.B. aFungi and plant disease bMacmillanc1967 aEnglish20220125170326.0